| 000 | 00420aam a2200145 4500 | ||
|---|---|---|---|
| 003 | IeDuTC | ||
| 005 | 20181127170010.0 | ||
| 008 | 020729s2002 enkac 000 0 eng | ||
| 020 | _a0751532924 | ||
| 100 | 1 |
_aBland, James, _d1942- |
|
| 245 | 1 | 4 |
_aThe complete true crime diaries / _cJames Bland. |
| 260 |
_aLondon : _bTimeWarner, _c2002. |
||
| 300 |
_a351, 379 p., [16] p. of plates ; _c18 cm. |
||
| 650 | 0 |
_aMurder _vCase studies. |
|
| 999 |
_c2321 _d2321 |
||